000
00310nam a2200133Ia 4500
005
20251222144631.0
008
251222s9999||||xx |||||||||||||| ||spa||
020
_a
978-987-1165-77-3
082
_a
891.36/T68S
100
_a
Tolstoi, León
245
0
_a
La Sonata a Kreutzer:
264
_b
Agebe
942
_c
LIB
999
_c
16301
_d
16301